[Event "I Open FIDE"]
[Site "Vanzaghello ITA"]
[Date "1998.11.27"]
[Round "1"]
[White "Calavalle, Giulio"]
[Black "Sala, Gianni"]
[Result "0-1"]
[WhiteElo "2200"]
[BlackElo "1729"]
[PlyCount "96"]
[EventDate "1998.11.27"]

1. e4 e5 2. Nc3 Bc5 3. Bc4 Nf6 4. Nge2 O-O 5. O-O d6 6. d3 h6 7. Na4 Bb6 8.
Nxb6 axb6 9. f4 exf4 10. Nxf4 Nc6 11. a3 Bg4 12. Qe1 Nd4 13. Qf2 Ne6 14. h3
Nxf4 15. Bxf4 Be6 16. Bxh6 Bxc4 17. Bxg7 Kxg7 18. dxc4 Ra5 19. Qg3+ Kh8 20. Rf4
Rh5 21. Qc3 Re5 22. Rd1 Qe7 23. Rd3 Rg8 24. Rdf3 Rg6 25. g4 Kg7 26. Kg2 Qe6 27.
Rf5 Nxe4 28. Rxf7+ Qxf7 29. Rxf7+ Kxf7 30. Qb3 Ke7 31. Qa4 Rf6 32. Qa8 Rf2+ 33.
Kg1 Rxc2 34. Qh8 Rxb2 35. Qg7+ Ke8 36. Qg8+ Kd7 37. Qf7+ Kc6 38. Qf3 Kc5 39. a4
Kxc4 40. h4 Nc3 41. Kf1 Rd5 42. Qf7 Kb4 43. Qf4+ Kb3 44. Qf7 Kxa4 45. Qe8+ c6
46. Qa8+ Kb4 47. Qa1 Rd1+ 48. Qxd1 Nxd1 0-1

[Event "I Open FIDE"]
[Site "Vanzaghello ITA"]
[Date "1998.11.27"]
[Round "1"]
[White "Ottolini, Graziano"]
[Black "Barlocco, Carlo"]
[Result "1/2-1/2"]
[WhiteElo "1785"]
[BlackElo "2215"]
[PlyCount "125"]
[EventDate "1998.11.27"]

1. Nf3 Nf6 2. g3 g6 3. b4 Bg7 4. Bb2 O-O 5. c4 c5 6. b5 a6 7. Na3 d5 8. cxd5
Qxd5 9. bxa6 Nxa6 10. Bg2 Nb4 11. O-O Ne4 12. Bxg7 Kxg7 13. Qb1 Kg8 14. Qb2 Be6
15. d3 Nd6 16. d4 Nxa2 17. Rfb1 Ra5 18. e3 Nb4 19. dxc5 Nd3 20. Qd2 Nc4 21.
Nxc4 Rxa1 22. Rxa1 Qxc4 23. Bf1 Qd5 24. Qxd3 Qxf3 25. Bg2 Qf6 26. Ra7 Qb2 27.
Rxb7 Qc1+ 28. Qf1 Qxc5 29. Qb5 Qc1+ 30. Qf1 Rc8 31. Rb1 Qa3 32. Ra1 Qb2 33. Ra8
Rxa8 34. Bxa8 Bg4 35. Be4 Qe5 36. Qd3 Bh3 37. Qd8+ Kg7 38. Qd4 Qxd4 39. exd4
Kf6 40. f3 Bf5 41. Bc6 Ke6 42. Kf2 Kd6 43. Ba4 Be6 44. Ke3 Bc4 45. Bc2 Be6 46.
Ba4 Ba2 47. Be8 f6 48. h4 Bd5 49. Ba4 Kc7 50. Bc2 Bf7 51. h5 g5 52. Bxh7 Bxh5
53. f4 gxf4+ 54. Kxf4 Kc6 55. Be4+ Kb5 56. Bd5 Bg6 57. g4 Kb4 58. g5 Kc3 59.
gxf6 exf6 60. Ke3 Bc2 61. Be4 Bb3 62. Kf4 Be6 63. d5 1/2-1/2

[Event "I Open FIDE"]
[Site "Vanzaghello ITA"]
[Date "1998.11.27"]
[Round "1"]
[White "Rossi, Giampiero"]
[Black "Caselli, Luigi"]
[Result "1/2-1/2"]
[WhiteElo "2135"]
[BlackElo "2315"]
[PlyCount "85"]
[EventDate "1998.11.27"]

1. d4 d5 2. c4 e6 3. Nc3 Be7 4. Nf3 Nf6 5. Bg5 O-O 6. e3 h6 7. Bh4 b6 8. Rc1
Bb7 9. Bxf6 Bxf6 10. cxd5 exd5 11. Be2 c5 12. O-O Nd7 13. dxc5 Nxc5 14. Nd4 a6
15. Bf3 g6 16. Nde2 Ne4 17. Bxe4 dxe4 18. Qb3 Be5 19. Rfd1 Qf6 20. Ng3 Bxg3 21.
hxg3 Rad8 22. Rxd8 Rxd8 23. Rd1 Rd3 24. Rxd3 exd3 25. Qd1 Qd6 26. Qd2 b5 27. a3
a5 28. b4 axb4 29. axb4 Qxb4 30. Qxd3 Bc6 31. f3 Qa5 32. Nd1 Qe1+ 33. Kh2 Qa5
34. Qd4 b4 35. Nb2 Bd5 36. e4 Be6 37. g4 Qc7+ 38. Kg1 Qc1+ 39. Kf2 Qc2+ 40. Ke3
Qxg2 41. Qxb4 Qg1+ 42. Ke2 Qg2+ 43. Ke3 1/2-1/2

[Event "I Open FIDE"]
[Site "Vanzaghello ITA"]
[Date "1998.11.27"]
[Round "1"]
[White "Vancini, Edoardo"]
[Black "Dorighet, Claudio"]
[Result "1-0"]
[WhiteElo "2260"]
[BlackElo "2085"]
[PlyCount "49"]
[EventDate "1998.11.27"]

1. e4 c5 2. c3 e6 3. d4 d5 4. exd5 exd5 5. Nf3 Nc6 6. Bb5 Bd6 7. dxc5 Bxc5 8.
O-O Nge7 9. Nbd2 O-O 10. Nb3 Bd6 11. Bd3 Qc7 12. Re1 a6 13. h3 h6 14. Bc2 Bd7
15. Be3 Rad8 16. a4 Na5 17. Nxa5 Qxa5 18. Nd4 Bb8 19. Bxh6 Qc7 20. g3 Ng6 21.
Bg5 Rde8 22. Qh5 Qd6 23. Bf4 Qb6 24. Bxb8 Rxb8 25. Nf3 1-0

[Event "I Open FIDE"]
[Site "Vanzaghello ITA"]
[Date "1998.11.28"]
[Round "2"]
[White "Barlocco, Carlo"]
[Black "Rossi, Giampiero"]
[Result "1-0"]
[WhiteElo "2215"]
[BlackElo "2135"]
[PlyCount "79"]
[EventDate "1998.11.27"]

1. d4 d5 2. Nf3 c6 3. g3 Bf5 4. Bg2 e6 5. O-O Be7 6. c4 Nd7 7. Nc3 Ngf6 8. b3
O-O 9. Bb2 h6 10. Ne5 Nxe5 11. dxe5 Nd7 12. e4 dxe4 13. Nxe4 Bxe4 14. Bxe4 Nc5
15. Bc2 Qxd1 16. Raxd1 Rfd8 17. f4 Rxd1 18. Rxd1 Rd8 19. Rxd8+ Bxd8 20. Kf2 Kf8
21. Kf3 g6 22. b4 Na6 23. a3 c5 24. b5 Nb8 25. Be4 b6 26. g4 Nd7 27. Bc6 Nb8
28. f5 Nxc6 29. bxc6 Kg7 30. h4 h5 31. gxh5 gxh5 32. Bc1 Bc7 33. Bg5 Kf8 34.
Bf6 a6 35. a4 Ke8 36. Kf4 Bd8 37. fxe6 fxe6 38. Kg5 b5 39. cxb5 axb5 40. Bxd8
1-0

[Event "I Open FIDE"]
[Site "Vanzaghello ITA"]
[Date "1998.11.28"]
[Round "2"]
[White "Caselli, Luigi"]
[Black "Ottolini, Graziano"]
[Result "1-0"]
[WhiteElo "2315"]
[BlackElo "1785"]
[PlyCount "61"]
[EventDate "1998.11.27"]

1. d4 Nf6 2. Bg5 Ne4 3. Bf4 d6 4. f3 Nf6 5. e4 g6 6. Nc3 Bg7 7. Qd2 O-O 8.
O-O-O c6 9. Bh6 b5 10. h4 Qa5 11. Kb1 b4 12. Nce2 Be6 13. Nc1 Nbd7 14. Bd3 Nb6
15. h5 Na4 16. Nb3 Bxb3 17. cxb3 Nc3+ 18. bxc3 bxc3 19. Qc1 Rfb8 20. Bxg7 Kxg7
21. Ne2 Rb4 22. Qxc3 Rab8 23. Kb2 Nd7 24. hxg6 hxg6 25. Rb1 e5 26. Ka1 c5 27.
dxe5 dxe5 28. Bc4 Qb6 29. Qd2 Nf8 30. Qh6+ Kf6 31. Nc3 1-0

[Event "I Open FIDE"]
[Site "Vanzaghello ITA"]
[Date "1998.11.28"]
[Round "2"]
[White "Dorighet, Claudio"]
[Black "Calavalle, Giulio"]
[Result "1-0"]
[WhiteElo "2085"]
[BlackElo "2200"]
[PlyCount "85"]
[EventDate "1998.11.27"]

1. c4 f5 2. Nc3 g6 3. h4 Nf6 4. h5 g5 5. e4 d6 6. d4 f4 7. g3 fxg3 8. fxg3 h6
9. Bd3 e5 10. d5 Be7 11. Nh3 Na6 12. Nf2 Nc5 13. Be2 O-O 14. Be3 Bd7 15. Ng4
Bxg4 16. Bxg4 Nd3+ 17. Kd2 Nxg4 18. Qxg4 Nxb2 19. Qe2 Qd7 20. a4 b5 21. axb5 g4
22. Kc2 Nxc4 23. Qxc4 Rf3 24. Qe2 Raf8 25. Raf1 Kh7 26. Rxf3 gxf3 27. Qf2 Qg4
28. Kd3 Rg8 29. Rf1 Rf8 30. Qh2 Ra8 31. Rh1 Rf8 32. Bf2 Qd7 33. Qh3 Qe8 34. Ra1
Rf6 35. Rxa7 Qd8 36. b6 cxb6 37. Bxb6 Qf8 38. Bf2 Rf7 39. Qe6 Kg7 40. Rc7 Bf6
41. Rxf7+ Qxf7 42. Qxf7+ Kxf7 43. Ke3 1-0

[Event "I Open FIDE"]
[Site "Vanzaghello ITA"]
[Date "1998.11.28"]
[Round "2"]
[White "Sala, Gianni"]
[Black "Vancini, Edoardo"]
[Result "0-1"]
[WhiteElo "1729"]
[BlackElo "2260"]
[PlyCount "86"]
[EventDate "1998.11.27"]

1. e4 c5 2. Nf3 e6 3. d4 cxd4 4. Nxd4 Nc6 5. Nc3 Qc7 6. Be2 a6 7. O-O Nf6 8.
Kh1 Nxd4 9. Qxd4 Bc5 10. Qd3 b5 11. a3 Bb7 12. Bg5 h5 13. Bxf6 gxf6 14. Bf3 h4
15. h3 Qe5 16. Rad1 O-O-O 17. Bg4 Qf4 18. b4 Ba7 19. Qd6 Qxd6 20. Rxd6 Bb8 21.
Rd3 Be5 22. f4 Bxc3 23. Rxc3+ Kb8 24. Bf3 d5 25. exd5 Bxd5 26. Kh2 f5 27. Bxd5
Rxd5 28. Rff3 Rc8 29. Rxc8+ Kxc8 30. Rd3 Rd8 31. Rxd8+ Kxd8 32. g3 hxg3+ 33.
Kxg3 f6 34. Kf3 e5 35. Ke3 Ke7 36. h4 Kf7 37. c4 bxc4 38. a4 exf4+ 39. Kxf4 c3
40. Ke3 f4+ 41. Kd3 f3 42. b5 axb5 43. axb5 f2 0-1

[Event "I Open FIDE"]
[Site "Vanzaghello ITA"]
[Date "1998.11.28"]
[Round "3"]
[White "Dorighet, Claudio"]
[Black "Barlocco, Carlo"]
[Result "1-0"]
[WhiteElo "2085"]
[BlackElo "2215"]
[PlyCount "77"]
[EventDate "1998.11.27"]

1. c4 Nf6 2. Nc3 g6 3. g3 Bg7 4. Bg2 O-O 5. e4 e5 6. Nge2 d6 7. O-O Nc6 8. h3
Be6 9. d3 Qd7 10. Kh2 Ne8 11. Be3 f5 12. exf5 Bxf5 13. d4 exd4 14. Nxd4 Nf6 15.
Nxf5 Qxf5 16. Nd5 Qd7 17. Qb3 Rab8 18. c5 Nxd5 19. Qxd5+ Kh8 20. cxd6 Bxb2 21.
Rab1 Be5 22. Bxa7 Ra8 23. Rxb7 Rxa7 24. Rxa7 Nxa7 25. Qxe5+ Qg7 26. Qxg7+ Kxg7
27. dxc7 Kf6 28. Rc1 Ke7 29. f4 Kd7 30. Bb7 Nc8 31. Bxc8+ Kxc8 32. Rc2 Re8 33.
Kg2 Re3 34. g4 Ra3 35. f5 gxf5 36. gxf5 Ra5 37. f6 Rg5+ 38. Kf1 Rg8 39. a4 1-0

[Event "I Open FIDE"]
[Site "Vanzaghello ITA"]
[Date "1998.11.28"]
[Round "3"]
[White "Ottolini, Graziano"]
[Black "Calavalle, Giulio"]
[Result "0-1"]
[WhiteElo "1785"]
[BlackElo "2200"]
[PlyCount "42"]
[EventDate "1998.11.27"]

1. Nf3 f5 2. e4 fxe4 3. Ng5 Nf6 4. d3 e3 5. fxe3 e5 6. Be2 Be7 7. O-O O-O 8.
Nc3 d5 9. Qe1 c6 10. e4 h6 11. Nf3 Be6 12. Nxe5 dxe4 13. Qg3 Bd6 14. Bxh6 Qc7
15. Bf4 Qb6+ 16. Kh1 Qxb2 17. Rab1 Qxc3 18. Rxb7 Nbd7 19. Nxd7 Bxf4 20. Rxf4
Nh5 21. Nf6+ Rxf6 0-1

[Event "I Open FIDE"]
[Site "Vanzaghello ITA"]
[Date "1998.11.28"]
[Round "3"]
[White "Rossi, Giampiero"]
[Black "Sala, Gianni"]
[Result "1-0"]
[WhiteElo "2135"]
[BlackElo "1729"]
[PlyCount "155"]
[EventDate "1998.11.27"]

1. d4 Nf6 2. c4 e6 3. Nc3 Bb4 4. Qc2 O-O 5. a3 Bxc3+ 6. Qxc3 b6 7. Bg5 Bb7 8.
f3 d5 9. e3 h6 10. Bh4 Nbd7 11. cxd5 exd5 12. Bd3 Re8 13. Ne2 c5 14. O-O Qe7
15. Bf2 Rac8 16. Qd2 Nf8 17. Nc3 Ne6 18. Rfe1 a6 19. Rad1 Rcd8 20. Qc2 c4 21.
Bf1 b5 22. h3 Bc6 23. e4 b4 24. axb4 Qxb4 25. Rd2 Bb5 26. Rc1 Nf4 27. e5 Nh7
28. Rcd1 Nf8 29. g3 N4e6 30. f4 Bc6 31. Bg2 a5 32. f5 Nc7 33. g4 a4 34. Ra1 Ra8
35. Bg3 Rec8 36. Ra3 Nb5 37. Rxa4 Rxa4 38. Qxa4 Qxa4 39. Nxa4 Ra8 40. Nb6 Ra1+
41. Kh2 Nc7 42. Nxc4 Rc1 43. Ne3 Bb7 44. Rc2 Rxc2 45. Nxc2 Nb5 46. Bf1 Na7 47.
Nb4 Nd7 48. b3 Kf8 49. Kg2 Nc8 50. Kf2 Ke7 51. Ke3 g6 52. Bh4+ g5 53. Be1 Kd8
54. Bg2 Ndb6 55. Nd3 Ne7 56. Nc5 Ba8 57. Ba5 Kc7 58. Na4 Nec8 59. Bf1 Kc6 60.
Nxb6 Nxb6 61. Bxb6 Kxb6 62. Kd3 Bc6 63. Kc3 Bd7 64. Kb4 Bc8 65. Bb5 h5 66. Bd3
hxg4 67. hxg4 Bd7 68. Be2 Be8 69. Kc3 Bd7 70. Kd2 Ka5 71. Kc3 Kb6 72. Kb4 Be8
73. Bd3 Bd7 74. Bb1 Bb5 75. f6 Be2 76. Bf5 Bb5 77. e6 Be8 78. Bg6 1-0

[Event "I Open FIDE"]
[Site "Vanzaghello ITA"]
[Date "1998.11.28"]
[Round "3"]
[White "Vancini, Edoardo"]
[Black "Caselli, Luigi"]
[Result "1/2-1/2"]
[WhiteElo "2260"]
[BlackElo "2315"]
[PlyCount "33"]
[EventDate "1998.11.27"]

1. e4 d5 2. Nc3 dxe4 3. Nxe4 Qd5 4. Ng3 e5 5. Nf3 Nc6 6. b3 Bg4 7. Bc4 Qd7 8.
h3 Be6 9. Qe2 Bd6 10. Bb2 Bxc4 11. Qxc4 Nf6 12. O-O-O O-O 13. Rhe1 Rae8 14. d4
exd4 15. Nxd4 Rxe1 16. Rxe1 Re8 17. Rxe8+ 1/2-1/2

[Event "I Open FIDE"]
[Site "Vanzaghello ITA"]
[Date "1998.11.29"]
[Round "4"]
[White "Barlocco, Carlo"]
[Black "Vancini, Edoardo"]
[Result "0-1"]
[WhiteElo "2215"]
[BlackElo "2260"]
[PlyCount "108"]
[EventDate "1998.11.27"]

1. d4 Nf6 2. Nf3 c5 3. c3 e6 4. Bf4 b6 5. e3 Bb7 6. Nbd2 Be7 7. Bd3 Nh5 8. O-O
Nxf4 9. exf4 cxd4 10. Nxd4 Nc6 11. Nxc6 Bxc6 12. Qc2 Qc7 13. g3 h5 14. Be4 h4
15. Rfe1 hxg3 16. hxg3 f5 17. Bf3 O-O-O 18. Qd3 g5 19. fxg5 Bxg5 20. Rad1 e5
21. Bd5 e4 22. Qa6+ Kb8 23. Nc4 Bf4 24. Bxc6 dxc6 25. Rxd8+ Qxd8 26. Nxb6 axb6
27. gxf4 Qg8+ 28. Kf1 Rh1+ 29. Ke2 Qg4+ 30. Kd2 Qxf4+ 31. Kd1 Rxe1+ 32. Kxe1
Qc1+ 33. Ke2 Qxb2+ 34. Kf1 f4 35. Kg1 f3 36. Qc4 Qc1+ 37. Kh2 Qh6+ 38. Kg3 Qg5+
39. Kh3 Qg2+ 40. Kh4 Qxf2+ 41. Kg4 Qg1+ 42. Kh4 Qg6 43. Qd4 Kc7 44. Qe5+ Kd7
45. Qd4+ Ke6 46. Qxb6 Kf5 47. Qa5+ Ke6 48. Qc5 Qf6+ 49. Kg4 f2 50. Qc4+ Kd7 51.
Qf1 Qf3+ 52. Kg5 Qg3+ 53. Kf6 Qd3 54. Qxf2 Qf3+ 0-1

[Event "I Open FIDE"]
[Site "Vanzaghello ITA"]
[Date "1998.11.29"]
[Round "4"]
[White "Calavalle, Giulio"]
[Black "Rossi, Giampiero"]
[Result "1-0"]
[WhiteElo "2200"]
[BlackElo "2135"]
[PlyCount "63"]
[EventDate "1998.11.27"]

1. e4 c5 2. Nf3 e6 3. d4 cxd4 4. Nxd4 a6 5. Nc3 Qc7 6. a3 Nc6 7. Be3 Nf6 8. Qe2
Be7 9. g4 d6 10. g5 Nd7 11. f4 O-O 12. O-O-O b5 13. Nxc6 Qxc6 14. Bg2 Bb7 15.
Rhg1 Qc7 16. f5 Rfe8 17. f6 Bf8 18. h4 Ne5 19. h5 Rac8 20. Rdf1 Nc4 21. g6 hxg6
22. hxg6 Ne5 23. gxf7+ Nxf7 24. Qh5 gxf6 25. Rxf6 Bg7 26. e5 Nxe5 27. Bxb7 Qxb7
28. Rh6 Kf8 29. Rh8+ Bxh8 30. Qxh8+ Ke7 31. Rg7+ Nf7 32. Rxf7+ 1-0

[Event "I Open FIDE"]
[Site "Vanzaghello ITA"]
[Date "1998.11.29"]
[Round "4"]
[White "Caselli, Luigi"]
[Black "Dorighet, Claudio"]
[Result "1-0"]
[WhiteElo "2315"]
[BlackElo "2085"]
[PlyCount "41"]
[EventDate "1998.11.27"]

1. d4 f5 2. Qd3 d5 3. Bf4 Nf6 4. Nf3 e6 5. c4 c6 6. Nc3 Be7 7. g3 O-O 8. Bg2
Bd7 9. O-O Ne4 10. Ne5 Be8 11. f3 Nd6 12. e4 g5 13. Bd2 dxe4 14. fxe4 Nd7 15.
Nxd7 Qxd7 16. c5 Nxe4 17. Nxe4 fxe4 18. Bxe4 Rxf1+ 19. Rxf1 h6 20. Bc3 Bf8 21.
Bh7+ 1-0

[Event "I Open FIDE"]
[Site "Vanzaghello ITA"]
[Date "1998.11.29"]
[Round "5"]
[White "Barlocco, Carlo"]
[Black "Caselli, Luigi"]
[Result "0-1"]
[WhiteElo "2215"]
[BlackElo "2315"]
[PlyCount "118"]
[EventDate "1998.11.27"]

1. d4 d5 2. c4 e6 3. Nc3 Be7 4. Nf3 Nf6 5. g3 O-O 6. Bg2 b6 7. O-O Bb7 8. Ne5
Nbd7 9. Bf4 c6 10. e4 Nxe5 11. dxe5 Nxe4 12. Nxe4 dxe4 13. Qg4 Qc7 14. Bxe4
Rfd8 15. Rfd1 c5 16. Bxb7 Qxb7 17. Bh6 g6 18. Rxd8+ Rxd8 19. Rd1 Qc7 20. Rxd8+
Qxd8 21. Qe4 Bg5 22. Bxg5 Qxg5 23. Qa8+ Kg7 24. f4 Qg4 25. Qd8 g5 26. Qxg5+
Qxg5 27. fxg5 Kg6 28. h4 Kf5 29. Kf2 Ke4 30. Ke2 Kd4 31. b3 Kc3 32. Ke3 Kb2 33.
Kf4 Kxa2 34. g6 fxg6 35. Kg5 Kxb3 36. Kf6 b5 37. Kxe6 bxc4 38. Kd6 c3 39. e6 c2
40. e7 c1=Q 41. e8=Q c4 42. Qb5+ Ka2 43. Kc7 Qc3 44. Qa4+ Kb2 45. Kc6 Qxg3 46.
Qxa7 Qxh4 47. Qb6+ Kc2 48. Qe3 c3 49. Kb5 Kb2 50. Kc6 Qc4+ 51. Kd7 Qb5+ 52. Ke7
c2 53. Qd4+ Kb1 54. Qe4 Qc5+ 55. Ke8 Kb2 56. Qe2 Qf5 57. Qd2 Qe4+ 58. Kf7 Kb1
59. Qa5 Qf5+ 0-1

[Event "I Open FIDE"]
[Site "Vanzaghello ITA"]
[Date "1998.11.29"]
[Round "5"]
[White "Dorighet, Claudio"]
[Black "Sala, Gianni"]
[Result "1-0"]
[WhiteElo "2085"]
[BlackElo "1729"]
[PlyCount "95"]
[EventDate "1998.11.27"]

1. c4 Nf6 2. Nc3 g6 3. g3 Bg7 4. Bg2 c6 5. e4 d6 6. Nge2 O-O 7. O-O Be6 8. d3
Qc8 9. Rb1 Bh3 10. Be3 Bxg2 11. Kxg2 b6 12. h3 c5 13. Qd2 Nc6 14. f4 e5 15. f5
Nd4 16. g4 gxf5 17. gxf5 Kh8 18. Ng3 Rg8 19. Rf2 a6 20. Kh2 b5 21. Rg1 bxc4 22.
dxc4 Rb8 23. Qd1 Qf8 24. Nh5 Bh6 25. Rxg8+ Nxg8 26. Bxh6 Qxh6 27. Nd5 f6 28. h4
a5 29. Qg4 a4 30. Rg2 Nc6 31. Qd1 Nd4 32. a3 Rb3 33. Nc3 Rb8 34. Nxa4 Qe3 35.
Nc3 Nf3+ 36. Kh1 Nd4 37. Qg4 Qc1+ 38. Kh2 Qh6 39. Nd5 Nc6 40. b4 cxb4 41. axb4
Nce7 42. c5 dxc5 43. bxc5 Rc8 44. Qg7+ Qxg7 45. Rxg7 Nxd5 46. exd5 Rxc5 47. d6
Rd5 48. Rxg8+ 1-0

[Event "I Open FIDE"]
[Site "Vanzaghello ITA"]
[Date "1998.11.29"]
[Round "5"]
[White "Rossi, Giampiero"]
[Black "Ottolini, Graziano"]
[Result "1-0"]
[WhiteElo "2135"]
[BlackElo "1785"]
[PlyCount "157"]
[EventDate "1998.11.27"]

1. d4 d5 2. c4 c6 3. cxd5 cxd5 4. Nc3 Nf6 5. Nf3 g6 6. Bf4 Bg7 7. Bxb8 Rxb8 8.
Qa4+ Bd7 9. Qxa7 O-O 10. e3 b6 11. Qa3 b5 12. Qb4 Qb6 13. Bd3 Rfc8 14. O-O e6
15. Rfc1 Bf8 16. Qb3 b4 17. Ne2 Rxc1+ 18. Rxc1 Qa7 19. Bb1 Ba4 20. Qd3 b3 21.
a3 Bb5 22. Qd1 Bxa3 23. bxa3 Qxa3 24. Rc3 Bxe2 25. Qxe2 Ne4 26. Rc6 Qa1 27. Qe1
b2 28. Rc2 Rb3 29. Nd2 Rc3 30. Rxc3 Nxd2 31. Rd3 Qxb1 32. Qxb1 Nxb1 33. Rb3 Nc3
34. Rxb2 Ne4 35. Rc2 Kg7 36. f3 Nd6 37. Kf2 Kf6 38. Ke2 Nf5 39. Kd3 h5 40. e4
dxe4+ 41. fxe4 Ng7 42. Rc5 Ne8 43. e5+ Kg7 44. Rc8 Kf8 45. Ke4 Ke7 46. Ra8 Ng7
47. h3 Nf5 48. g4 hxg4 49. hxg4 Ng7 50. Ra2 Kf8 51. Kf4 Ne8 52. Kg5 Kg7 53. Ra7
Kf8 54. Kh6 Kg8 55. Rd7 Kf8 56. Kh7 Ng7 57. d5 exd5 58. Rxd5 Ne8 59. Rd7 Ng7
60. Rd6 Ne8 61. Rc6 Ng7 62. Rb6 Ne8 63. Kh6 Ng7 64. Kg5 Ne8 65. e6 f5 66. gxf5
gxf5 67. Kxf5 Ng7+ 68. Kg6 Ne8 69. Rb7 Nd6 70. Rd7 Ne4 71. Kf5 Nc5 72. Rc7 Na6
73. Ra7 Nb4 74. Kg6 Ke8 75. Rd7 Nc6 76. Kf6 Nb4 77. Rh7 Nd5+ 78. Ke5 Nb4 79.
Kd6 1-0

[Event "VII Weekend Gelso Bianco A"]
[Site "Misterbianco ITA"]
[Date "1998.11.??"]
[Round "?"]
[White "Alfarone, Giovanni"]
[Black "Ferrante, Francesco"]
[Result "0-1"]
[WhiteElo "2095"]
[BlackElo "1855"]
[PlyCount "77"]
[EventDate "1998.11.21"]

1. d4 Nf6 2. Nf3 g6 3. g3 Bg7 4. Bg2 O-O 5. c4 c5 6. O-O cxd4 7. Nxd4 Nc6 8.
Nb5 a6 9. N5c3 d6 10. Nd5 Nxd5 11. cxd5 Ne5 12. Nc3 Bd7 13. a4 Nc4 14. Qb3 Qc7
15. Ne4 b5 16. axb5 Bxb5 17. Nc3 Rab8 18. Qc2 Nb6 19. Bg5 h6 20. Be3 Rfc8 21.
Qe4 Qd7 22. Nxb5 axb5 23. Ra6 Nc4 24. b4 Nxe3 25. Qxe3 Rc4 26. Rb1 Qf5 27. Rb3
Bd4 28. Qf3 Rc1+ 29. Bf1 Qxf3 30. Rxf3 Rb1 31. Rf4 Rxb4 32. Ra5 Bc3 33. Rxb4
Bxb4 34. Ra7 Bc5 35. Rxe7 b4 36. e3 b3 37. Bd3 b2 38. Bb1 Ra8 39. Kg2 0-1

[Event "VII Weekend Gelso Bianco A"]
[Site "Misterbianco ITA"]
[Date "1998.11.??"]
[Round "?"]
[White "Gallitto, Salvatore"]
[Black "Ferrante, Francesco"]
[Result "1-0"]
[WhiteElo "1767"]
[BlackElo "1855"]
[PlyCount "34"]
[EventDate "1998.11.21"]

1. d4 Nf6 2. e3 g6 3. Be2 Bg7 4. h4 h5 5. Nf3 d5 6. Nbd2 Nbd7 7. c4 e6 8. b3 c6
9. O-O O-O 10. Qc2 Bh6 11. Bb2 Ng4 12. g3 f5 13. b4 Qc7 14. cxd5 exd5 15. Rac1
Bxe3 16. Kg2 Bxf2 17. Rxf2 Ne3+ 1-0

[Event "VII Weekend Gelso Bianco A"]
[Site "Misterbianco ITA"]
[Date "1998.11.??"]
[Round "4"]
[White "Alaimo, Riccardo"]
[Black "Licciardello, Salvatore"]
[Result "1/2-1/2"]
[WhiteElo "2090"]
[BlackElo "1914"]
[PlyCount "171"]
[EventDate "1998.11.21"]

1. e4 c6 2. d4 d5 3. Nd2 dxe4 4. Nxe4 Nd7 5. Ng5 Ngf6 6. Bd3 e6 7. N1f3 Bd6 8.
Qe2 h6 9. Ne4 Nxe4 10. Qxe4 Nf6 11. Qe2 Qc7 12. Bd2 b6 13. O-O-O Bb7 14. Ne5
O-O-O 15. f4 c5 16. dxc5 Bxc5 17. Rhe1 Rhe8 18. Bb5 Re7 19. Nd3 Bd6 20. g3 Nd5
21. Kb1 a6 22. Ba4 b5 23. Bb3 Kb8 24. Rc1 Rc8 25. c4 bxc4 26. Rxc4 Qd8 27. Rec1
Rxc4 28. Rxc4 Qf8 29. Ne5 Bxe5 30. Qxe5+ Ka8 31. Rd4 Rd7 32. Bb4 Qc8 33. Rc4
Qd8 34. Bc5 Nf6 35. Rd4 Rxd4 36. Bxd4 Qc8 37. Qc5 Qxc5 38. Bxc5 Bc6 39. Bf8 g6
40. Bc4 Kb7 41. Bxh6 Ng4 42. Bg7 Nxh2 43. Kc2 Bb5 44. Kc3 Nf1 45. Bxf1 Bxf1 46.
Kd4 Kc6 47. Bf8 Be2 48. Bb4 Bf3 49. Ke5 Kd7 50. Kf6 Ke8 51. Bc5 Bd5 52. a3 Bb3
53. g4 a5 54. Ke5 a4 55. Kd6 Kd8 56. Bb6+ Ke8 57. g5 Bc4 58. b4 axb3 59. Bd4
Bb5 60. Kc5 Be2 61. Kb4 Kd7 62. Kxb3 Kc6 63. Kb4 Bd3 64. a4 Be2 65. Kc3 Ba6 66.
Bf6 Bf1 67. Kd4 Ba6 68. Be7 Kd7 69. Bb4 Be2 70. Kc5 Kc7 71. Ba5+ Kd7 72. Bb6 e5
73. fxe5 Ke6 74. Kd4 Ba6 75. Bd8 Kd7 76. Bf6 Kc6 77. Be7 Bc8 78. Kc4 Kb7 79.
Kc5 Be6 80. Bd8 Ka8 81. Kb6 Ba2 82. a5 Be6 83. Bc7 Ba2 84. Kc6 Be6 85. Bb6 Ba2
86. Kd6 1/2-1/2

[Event "LVIII C.to Italiano"]
[Site "Saint Vincent - Chatillon ITA"]
[Date "1998.11.21"]
[Round "1"]
[White "Belotti, Bruno"]
[Black "Vezzosi, Paolo"]
[Result "1-0"]
[WhiteElo "2430"]
[BlackElo "2325"]
[PlyCount "127"]
[EventDate "1998.11.21"]

1.c4 Nf6 2.Nc3 e5 3.Nf3 Nc6 4.d3 Bc5 5.e3 d6 6.a3 a6 7.Be2 O-O 8.O-O Re8 
9.b4 Ba7 10.Bb2 Bg4 11.h3 Bh5 12.Qc2 h6 13.Rac1 Rc8 14.Rfd1 Qd7 15.Ne4 
Nxe4 16.dxe4 Qe6 17.Rd2 Ne7 18.c5 Bb8 19.Rcd1 Bg6 20.Nh4 Rcd8 21.Nxg6 Nxg6
22.c6 b5 23.a4 Ba7 24.axb5 axb5 25.Bxb5 Nh4 26.Bf1 Ra8 27.Ra1 Reb8 28.Bc3 
Bb6 29.Rdd1 Ng6 30.Be1 Ne7 31.Bc4 Qg6 32.Bd3 Qg5 33.Kh1 Qf6 34.Ba6 Qg6 35.
Qc4 Kh7 36.Ra2 Ra7 37.Rda1 Rba8 38.Bc3 Ng8 39.Qe2 Nf6 40.Bd3 Rxa2 41.Rxa2 
Rxa2 42.Qxa2 Nxe4 43.Kg1 f5 44.Bxe4 fxe4 45.b5 Qe8 46.Qa6 Qb8 47.Qa4 Kh8 
48.Qxe4 Qa7 49.Kh2 Qa3 50.Qc2 Bc5 51.Qb2 Qa4 52.g3 Bb6 53.h4 g5 54.hxg5 
hxg5 55.Bxe5+ dxe5 56.Qxe5+ Kh7 57.Qxg5 Qc2 58.Qe7+ Kg8 59.Kg2 Qf5 60.Qe8+
Qf8 61.Qxf8+ Kxf8 62.e4 Ke7 63.f4 Kd6 64.g4 1-0

[Event "LVIII C.to Italiano"]
[Site "Saint Vincent - Chatillon ITA"]
[Date "1998.11.21"]
[Round "1"]
[White "Efimov, Igor"]
[Black "Godena, Michele"]
[Result "0-1"]
[WhiteElo "2530"]
[BlackElo "2510"]
[PlyCount "46"]
[EventDate "1998.11.21"]

1.e4 e5 2.Nc3 Nf6 3.d4 exd4 4.Qxd4 Nc6 5.Qe3 Be7 6.Qg5 d5 7.Bd2 d4 8.Nd5 
Nxe4 9.Qxg7 Rf8 10.Bc4 Be6 11.Nxe7 Qxe7 12.Bxe6 Qxe6 13.Ne2 O-O-O 14.Qh6 
Qc4 15.Qh3+ Kb8 16.Qb3 Qc5 17.Qd3 Nb4 18.Bxb4 Qxb4+ 19.Kf1 Qxb2 20.Rd1 
Rfe8 21.Qb3 Nd2+ 22.Ke1 Nxb3 23.axb3 d3 0-1

[Event "LVIII C.to Italiano"]
[Site "Saint Vincent - Chatillon ITA"]
[Date "1998.11.21"]
[Round "1"]
[White "Genocchio, Daniele"]
[Black "Fabiano, Giuseppe"]
[Result "1-0"]
[WhiteElo "2195"]
[BlackElo "2265"]
[PlyCount "79"]
[EventDate "1998.11.21"]

1.e4 c6 2.Nc3 d5 3.Nf3 Nf6 4.e5 Ne4 5.Nxe4 dxe4 6.Ng5 Qd5 7.d4 exd3 8.f4 
Bf5 9.cxd3 e6 10.a3 Bc5 11.Nf3 O-O 12.d4 Rd8 13.Be3 Qe4 14.Kf2 Bb6 15.Rc1 
c5 16.Nd2 Qd5 17.dxc5 Bc7 18.Bc4 Qd7 19.b4 Nc6 20.Nf3 Qe7 21.Qe2 f6 22.
exf6 Qxf6 23.Rhf1 Kh8 24.Kg1 e5 25.Ng5 Rf8 26.fxe5 Nxe5 27.Be6 Qg6 28.Bxf5
Rxf5 29.Rxf5 Qxf5 30.Rf1 Qg6 31.Qf2 Qe8 32.Bd4 Ng4 33.Qa2 Bxh2+ 34.Kh1 h6 
35.Nf7+ Kh7 36.Qc2+ Kg8 37.Qg6 Ne5 38.Nxe5 Bxe5 39.Qxe8+ Rxe8 40.Re1 1-0

[Event "LVIII C.to Italiano"]
[Site "Saint Vincent - Chatillon ITA"]
[Date "1998.11.22"]
[Round "2"]
[White "Borgo, Giulio"]
[Black "Caposciutti, Maurizio"]
[Result "1/2-1/2"]
[WhiteElo "2445"]
[BlackElo "2360"]
[PlyCount "29"]
[EventDate "1998.11.21"]

1.e4 c5 2.Nf3 Nc6 3.Bb5 Nf6 4.e5 Nd5 5.Bxc6 dxc6 6.h3 g6 7.O-O Bg7 8.d3 
O-O 9.a4 a5 10.Nc3 h6 11.Re1 Be6 12.Ne4 b6 13.b3 Qd7 14.Bb2 Rad8 15.Qd2 
1/2-1/2

[Event "LVIII C.to Italiano"]
[Site "Saint Vincent - Chatillon ITA"]
[Date "1998.11.22"]
[Round "2"]
[White "Fabiano, Giuseppe"]
[Black "Tatai, Stefano"]
[Result "0-1"]
[WhiteElo "2265"]
[BlackElo "2395"]
[PlyCount "138"]
[EventDate "1998.11.21"]

1.Nf3 Nf6 2.c4 c5 3.Nc3 g6 4.d4 Bg7 5.e4 d6 6.Be2 O-O 7.O-O Nbd7 8.d5 b5 
9.cxb5 a6 10.h3 axb5 11.Bxb5 Ba6 12.Bxa6 Rxa6 13.Qe2 Rb6 14.Re1 Qa8 15.a4 
Rfb8 16.Ra3 Rb4 17.a5 Ne8 18.Na4 Qxa5 19.Bd2 Bxb2 20.Bxb4 cxb4 21.Ra2 Bg7 
22.Nc3 Qc5 23.Nb1 b3 24.Ra6 Nc7 25.Rc6 Qa7 26.Qc4 Nc5 27.e5 Nb5 28.Nbd2 
Na3 29.Qg4 f5 30.exf6 Bxf6 31.Ng5 Qd7 32.Qxd7 Nxd7 33.Nge4 Be5 34.Ra6 Nc2 
35.Rb1 b2 36.Nc4 Bd4 37.Ra2 Nb4 38.Raxb2 Bxb2 39.Rxb2 Nxd5 40.Ra2 N5f6 41.
Ng5 h6 42.Nf3 Rb1+ 43.Kh2 Kf7 44.g3 Ne4 45.Kg2 Ndc5 46.Re2 Rb4 47.Ne3 Nc3 
48.Rc2 N5a4 49.Rd2 Rb2 50.Rd4 Nc5 51.Nc4 Ra2 52.Rd2 Rxd2 53.Nfxd2 N3e4 54.
Nf1 Nd3 55.f4 d5 56.Nce3 Ne1+ 57.Kh2 d4 58.Nc4 d3 59.h4 h5 60.Nfd2 Nxd2 
61.Nxd2 Ke6 62.Kg1 Kd5 63.Kf2 Nc2 64.Kf3 Nd4+ 65.Ke3 Nf5+ 66.Kxd3 Nxg3 67.
Nf3 Nf5 68.Ne5 Nxh4 69.Ke3 g5 0-1